| 000 | 01407nam a2200265Ia 4500 | ||
|---|---|---|---|
| 003 | Ost | ||
| 005 | 20260507075422.0 | ||
| 008 | 260507s9999||||xx |||||||||||||| ||und|| | ||
| 020 | _a9789957062323 | ||
| 040 | _cfsecg | ||
| 041 | _aara | ||
| 082 | _a330 | ||
| 100 |
_aعبيدات، محمد إبراهيم _eمؤلف |
||
| 245 | 0 |
_aأساسيات التسعير في التسويق المعاصر : _bمدخل سلوكي / _c محمد إبراهيم عبيدات |
|
| 250 | _aطبعة 3 | ||
| 260 |
_aعمان: _bدار المسيرة للنشر والتوزيع, _c2014 |
||
| 300 |
_a238 صفحة؛ _bإيضاحات ؛ _c25 سم |
||
| 504 | _aالمراجع ص.238 | ||
| 520 | _aيضم مقدمة في التسعير، تأثير البيئة الإقتصادية في عملية التسعير، التسعير حسب الدورة الاقتصادية ودورة حياة السلعة، تسعير سلع المستهلك النهائي والصناعي والخدمات، التسعير الدولي، دور الدراسات والبحوث في عملية التسعير، التسعير بين المفهومين الإسلامي والرأسمالي، التسعير على الانترنت، حالات عملية في التسعير. | ||
| 653 | _aأدارة المبيعات | ||
| 653 | _aالأسعار | ||
| 653 | _aالأسواق | ||
| 653 | _aالتسويق | ||
| 942 | _cكتاب | ||
| 999 |
_c44471 _d44471 |
||